| 000 | 00407cam a22001097a 4500 | ||
|---|---|---|---|
| 008 | 180718b1970 xxu||||| |||| 00| 0 eng d | ||
| 082 | _aK6203x54 In2 com/1969 | ||
| 245 |
_aThe Comptroller and auditor- general's (duties, powers and conditions of service) bill, 1969 _cby Lok Sabha Secretariat, India |
||
| 260 |
_aDelhi _bLok Sabha Secretariat _c1970 |
||
| 300 | _a48+p. | ||
| 700 | _aIndia. Lok Sabha Secretariat | ||
| 999 |
_c500106 _d500106 |
||